The American theatre /

Bibliographic Details
Main Author: Anderson, John, 1896-1943
Other Authors: Fülöp-Miller, René, 1891-1963
Format: Book
Language:English
Published: New York : The Dial press, 1938.
Subjects:

MARC

Tag First Indicator Second Indicator Subfields
LEADER 00000cam a22000001 4500
001 in00000028103
005 20151007055959.0
008 771130s1938 nyuaf b 00110 eng
010 |a  39005875  
035 |a (OCoLC)01064400 
035 |9 AAB9792AM 
040 |a DLC  |c DLC  |d m.c.  |d TXA  |d UtOrBLW 
043 |a n-us--- 
049 |a TXAM  |c [A11032520] 
050 0 0 |a PN2221  |b .A7 
051 |c Copy 2. 
082 0 |a 792.0973 
100 1 |a Anderson, John,  |d 1896-1943. 
245 1 4 |a The American theatre /  |c by John Anderson, and The motion picture in America, by Rene Fülöp-Miller. 
264 1 |a New York :  |b The Dial press,  |c 1938. 
300 |a vii, 430 pages :  |b illustrations (some color) ;  |c 30 cm. 
336 |a text  |b txt  |2 rdacontent 
337 |a unmediated  |b n  |2 rdamedia 
338 |a volume  |b nc  |2 rdacarrier 
504 |a Bibliography: pages 423-424. 
500 |a Includes index. 
650 0 |a Theater  |z United States  |x History. 
650 0 |a Motion pictures  |z United States  |x History. 
700 1 2 |a Fülöp-Miller, René,  |d 1891-1963.  |t Motion picture in America.  |f 1938. 
740 0 |a Motion picture in America. 
999 |a MARS 
999 f f |s ef70ffec-7ff3-359e-80b2-b89386fc0711  |i 9ba2beb1-e125-349d-be65-541b5df50475  |t 0 
952 f f |p ric  |a Texas A&M University  |b Rellis Campus  |c Joint Library Facility  |d Remote Storage  |t 0  |e PN2221 .A7  |h Library of Congress classification  |i unmediated -- volume  |m A14811032520 
998 f f |a PN2221 .A7  |t 0  |l Remote Storage